000 00920nam a2200241Ia 4500
005 20240530110939.0
008 140319s2009 xx 000 0 ara d
020 _a9772936259
040 _aGCL /
_cGCL
082 0 4 _a523.2 /
_bع ج
100 1 _aعبدالجليل عبدالحميد على هويدى
245 1 0 _aجيولوجية المجموعة الشمسية :
_bلماذا الحياة على الارض دون سائر الكواكب التسعة /
_cعبدالجليل عبدالحميد على هويدى
250 _aالاولى
260 _aالقاهرة :
_bمكتبة الدار العربية للكتاب،
_c2009
300 _a159ص؛
_b20 سم
650 0 4 _aالنجوم
650 0 4 _aالفلك
650 0 4 _aالكواكب
650 0 4 _aالنظام الشمسى
650 0 4 _aالمجموعة الشمسية
942 _2ddc
_cBK
999 _c66784
_d66784